000
00322nam a2200145Ia 4500
005
20240814120848.0
008
240813s9999||||xx |||||||||||||| ||und||
082
_a
927.5 LEW
100
_a
Lewis, David
245
0
_a
Mondrian
260
_a
New York
_b
Faber & Faber
300
_a
24p
650
_a
BIOGRAPHY
942
_c
BK
999
_c
15830
_d
15830